| 000 | 00726cab a2200205 4500 | ||
|---|---|---|---|
| 001 | WB2541-05 | ||
| 008 | 090401t1989 xxu||||| |||| 00| 0 eng d | ||
| 035 | _a(Sirsi) u66649 | ||
| 041 | _aeng | ||
| 245 | _aSan Francisco earthquake | ||
| 260 | _c1989 | ||
| 350 | _a0 | ||
| 490 |
_aIndependent _v19 October 1989, 12-13 (Loan) |
||
| 520 | _aA report on the San Francisco earthquake , examining how California n buildings are designed to withstand earthquakes, and the likelihood of further tremors. Also looks at insurance implications and how Japan copes with the earthquake threat. | ||
| 650 | _aNATURAL DISASTERS | ||
| 650 | _aSAN ANDREAS FAULT | ||
| 690 | _aBUILT ENVIRONMENT | ||
| 942 | _n0 | ||
| 948 | _c04/03/1997 | ||
| 999 |
_c41629 _d41629 |
||